00405nam a22001337a 4500003000500000038001500005082001000020100002600030245009500056260003700151300003100188500001500219600003700234NUST aMr. Zahoor a005.1 aMuhammad Arslan Idris aPerformance analysis of Cloud based Load Testing of Web ApplicationcMuhammad Arslan Idris aIslamabad :bCEME - NUST,c2015. axi, 67 p. : ill. ;c30 cm. aHaedcover. aComputer Engineering - MS Thesis